De los Andes a la Gran Muralla: 40 años de relaciones entre Chile y China

Đã lưu trong:
Chi tiết về thư mục
Tác giả của công ty: Biblioteca del Congreso Nacional de Chile (Tác giả)
Định dạng: Sách
Ngôn ngữ:Tiếng Trung
Tiếng Tây Ban Nha
Được phát hành: Valparaíso Biblioteca Nacional del Congreso de Chile 2011
Phiên bản:1a. ed
Những chủ đề:
Các nhãn: Thêm thẻ
Không có thẻ, Là người đầu tiên thẻ bản ghi này!

MARC

LEADER 00000cam a2200000 a 4500
001 UCE4122
003 CL-VaPUC
008 141009e20110000cl |||||||||||||||||chi|d
020 |a 9789567629114 
041 0 7 |a chi  |2 CL-VaPUC 
041 0 7 |a spa  |2 CL-VaPUC 
082 0 4 |a 382.0983  |b BIB  |2 21 
110 2 |a Biblioteca del Congreso Nacional de Chile  |e author  |9 576692 
245 1 0 |a De los Andes a la Gran Muralla: 40 años de relaciones entre Chile y China 
250 |a 1a. ed 
300 |a 95 p 
942 |c BK 
945 |d 20141009 14:36:00  |a arojas 
260 |a Valparaíso  |b Biblioteca Nacional del Congreso de Chile  |c 2011 
500 |a Incluye folleto en español 
650 7 |a RELACIONES COMERCIALES  |2 CL-VaPUC  |9 322074 
650 0 |a Comercio exterior  |9 257617 
651 0 |a Asia  |9 268338 
651 7 |a PACIFICO  |2 CL-VaPUC  |9 441607 
651 0 |a China   |9 257545 
651 7 |a CHILE  |2 CL-VaPUC  |9 576693 
583 |a last modification  |c 20141010 11:27:12  |k Rodrigo Vera 
999 |c 357185  |d 357183 
952 |0 0  |1 0  |3 erd  |4 0  |6 382_098300000000000_BIB_2011  |7 0  |8 A  |9 465009  |a BIBHIS  |b BIBHIS  |i 5095344  |l 1  |o 382.0983 BIB 2011  |p 5095344  |r 2025-01-20  |s 2023-06-27  |w 2019-11-23  |y BK  |z Catalogado en:20141009  |k HIS